Introduction to Stochastic Process / (Record no. 215425)

000 -LEADER
fixed length control field 00718 a2200181 4500
003 - CONTROL NUMBER IDENTIFIER
control field NUST
005 - DATE AND TIME OF LATEST TRANSACTION
control field 20221122131617.0
022 ## - INTERNATIONAL STANDARD SERIAL NUMBER
International Standard Serial Number 8173193916
040 ## - CATALOGING SOURCE
Transcribing agency Nust
082 ## - DEWEY DECIMAL CLASSIFICATION NUMBER
Classification number 519.2,BAS
100 ## - MAIN ENTRY--PERSONAL NAME
Personal name Basu, A.K
9 (RLIN) 78047
245 ## - TITLE STATEMENT
Title Introduction to Stochastic Process /
Statement of responsibility, etc. A.K.,Basu
260 ## - PUBLICATION, DISTRIBUTION, ETC.
Place of publication, distribution, etc. Narosa Publishing House
Name of publisher, distributor, etc. New Delhi
Date of publication, distribution, etc. 2003
300 ## - PHYSICAL DESCRIPTION
Extent 419 p.:
505 ## - FORMATTED CONTENTS NOTE
Formatted contents note Introduction (Page-1), Discrete Time Markov Chains (Page-8), Random Walks (Page-51), Renewal Theory (Page-65),Branching Process (Page-87), Continuous Time Discrete (Page-107), Poisson Process (Page-133), Time Series Analysis (Page-175), Queueing Theory (Page-227).
651 ## - SUBJECT ADDED ENTRY--GEOGRAPHIC NAME
Geographic name Stochastic Procsess
9 (RLIN) 103350
942 ## - ADDED ENTRY ELEMENTS (KOHA)
Source of classification or shelving scheme
Koha item type Book
Call number prefix 519.2,BAS
Holdings
Withdrawn status Lost status Source of classification or shelving scheme Damaged status Not for loan Permanent Location Current Location Shelving location Date acquired Full call number Barcode Date last seen Price effective from Koha item type Public note
          Military College of Signals (MCS) Military College of Signals (MCS) General Stacks 12/12/2016 519.2,BAS MCS30380 12/08/2016 12/12/2016 Book Almirah No.14, Shelf No.2
© 2023 Central Library, National University of Sciences and Technology. All Rights Reserved.